[Event "Canadian zt (Women)"]
[Site "Toronto"]
[Date "2024.04.02"]
[Round "9"]
[White "Li, Yunshan"]
[Black "Glenda, Baylon"]
[Result "1-0"]
[WhiteElo "2262"]
[BlackElo "1885"]
[PlyCount "57"]
[EventDate "2024.03.28"]
[EventType "team-swiss"]
[EventRounds "9"]
[EventCountry "CAN"]
[SourceTitle "CB15_2024"]
[SourceDate "2024.04.10"]
[SourceVersion "1"]
[SourceVersionDate "2024.04.10"]
[SourceQuality "1"]

1. d4 Nf6 2. c4 g6 3. Nc3 Bg7 4. e4 d6 5. Nf3 Bg4 6. Be2 0-0 7. Be3 Nbd7 8. h3 Bxf3 9. Bxf3 e5 10. d5 a6 11. b4 Ne8 12. c5 f5 13. c6 bxc6 14. dxc6 fxe4 15. cxd7 exf3 16. dxe8Q Qxe8 17. 0-0 fxg2 18. Kxg2 Rb8 19. Rb1 Rf5 20. Qd5+ Kh8 21. Rfc1 Qd7 22. Ne2 Rh5 23. Ng1 Rf8 24. Rc4 Qf5 25. Rbc1 Bh6 26. Qe4 Qf6 27. Rxc7 Rh4 28. Qf3 Qe6 29. Bxh6 1-0

[Event "Canadian zt (Women)"]
[Site "Toronto"]
[Date "2024.04.01"]
[Round "8"]
[White "Zhang, Michelle1"]
[Black "Glenda, Baylon"]
[Result "1/2-1/2"]
[WhiteElo "1885"]
[BlackElo "1885"]
[PlyCount "84"]
[EventDate "2024.03.28"]
[EventType "team-swiss"]
[EventRounds "9"]
[EventCountry "CAN"]
[SourceTitle "CB15_2024"]
[SourceDate "2024.04.10"]
[SourceVersion "1"]
[SourceVersionDate "2024.04.10"]
[SourceQuality "1"]

1. e4 c5 2. Nf3 e6 3. d4 cxd4 4. Nxd4 Nf6 5. Nc3 Nc6 6. Nxc6 bxc6 7. Bd3 d6 8. 0-0 Be7 9. b3 0-0 10. Bb2 e5 11. h3 Be6 12. Ne2 Nh5 13. Nd4 exd4 14. Qxh5 g6 15. Qe2 c5 16. f4 Bf6 17. g4 Bg7 18. Qg2 f6 19. f5 Bf7 20. Bc1 g5 21. h4 h6 22. Bd2 d5 23. exd5 Bxd5 24. Be4 Bxe4 25. Qxe4 Re8 26. Qg2 Qb6 27. Rae1 Rad8 28. hxg5 hxg5 29. Kh1 Qd6 30. Ba5 Rc8 31. Re4 Rxe4 32. Qxe4 Qc6 33. Re1 Kf7 34. Kg1 Qxe4 35. Rxe4 Re8 36. Rxe8 Kxe8 37. Kf2 Kd7 38. Ke2 Kc6 39. Kd3 Kd5 40. Bc7 a6 41. Bd8 Ke5 42. Bc7+ Kd5 1/2-1/2

[Event "Kingston Canada zt (Women)"]
[Site "Kingston"]
[Date "2022.04.14"]
[Round "2"]
[White "Glenda, Baylon"]
[Black "Ouellet, Maili Jade"]
[Result "0-1"]
[WhiteElo "1858"]
[BlackElo "2179"]
[PlyCount "112"]
[EventDate "2022.04.13"]
[EventType "swiss"]
[EventRounds "9"]
[EventCountry "CAN"]
[SourceTitle "CBM 207 Extra"]
[Source "ChessBase"]
[SourceDate "2022.05.31"]
[SourceVersion "1"]
[SourceVersionDate "2022.05.31"]
[SourceQuality "1"]

1. d4 d5 2. c4 e6 3. Nc3 Nf6 4. e3 Be7 5. Nf3 0-0 6. Bd3 Nbd7 7. 0-0 c5 8. b3 b6 9. Bb2 Bb7 10. Re1 Ne4 11. Ne5 f5 12. f3 Nxe5 13. dxe5 Ng5 14. cxd5 exd5 15. Qc2 g6 16. Rad1 Ne6 17. Bc4 dxc4 18. Rxd8 Raxd8 19. bxc4 f4 20. e4 Nd4 21. Qc1 Bh4 22. Rd1 Ba6 23. Kh1 Bxc4 24. Nd5 Bxa2 25. Bxd4 cxd4 26. Qb2 Bc4 27. Rxd4 b5 28. Nf6+ Kg7 29. Rd7+ Rxd7 30. Nxd7 Re8 31. Qa1 Re7 32. e6+ Kh6 33. Qe5 Bxe6 34. Qxf4+ Bg5 35. Qf8+ Kh5 36. Nf6+ Bxf6 37. Qxf6 Re8 38. g3 Kh6 39. g4 b4 40. g5+ Kh5 41. f4 Bh3 42. Qd4 Rc8 43. Qd1+ Bg4 44. Qb3 a5 45. h3 Be2 46. Qe3 Rc2 47. Qa7 Bf3+ 48. Kg1 Kh4 49. Qe3 Kg3 50. Kf1 b3 51. Qe1+ Kxh3 52. Qb1 a4 53. e5 Be4 54. Qe1 b2 55. e6 Bd3+ 56. Kg1 Rc1 0-1

[Event "Mississauga Spring op U2000"]
[Site "Mississauga"]
[Date "2019.03.24"]
[Round "4"]
[White "Glenda, Baylon"]
[Black "Brajkovic, Nikola"]
[Result "1/2-1/2"]
[WhiteElo "1871"]
[BlackElo "1996"]
[PlyCount "131"]
[EventDate "2019.03.23"]
[EventType "swiss"]
[EventRounds "5"]
[EventCountry "CAN"]
[SourceTitle "EXT 2022"]
[Source "ChessBase"]
[SourceDate "2021.10.06"]
[SourceVersion "1"]
[SourceVersionDate "2021.10.06"]
[SourceQuality "1"]

1. d4 Nf6 2. c4 e6 3. Nc3 d5 4. e3 Be7 5. Nf3 b6 6. cxd5 exd5 7. Bd3 0-0 8. h3 Bb7 9. 0-0 Nbd7 10. b3 Ne4 11. Bxe4 dxe4 12. Nd2 f5 13. Bb2 Nf6 14. Rc1 Re8 15. Nc4 Ba6 16. Re1 c6 17. Qd2 Qd7 18. Ne5 Qe6 19. Rc2 Bb4 20. Rec1 Rac8 21. Qd1 Bb7 22. Ne2 Nd5 23. a3 Bd6 24. Rd2 Bb8 25. Nc3 Ba6 26. Nxd5 Qxd5 27. b4 h6 28. Rc3 Kh7 29. Qc1 Bxe5 30. dxe5 Rxe5 31. Rdc2 Bb5 32. Rxc6 Bxc6 33. Rxc6 Rxc6 34. Bxe5 Qxe5 35. Qxc6 Qa1+ 36. Kh2 Qxa3 37. Qb5 Qd3 38. Qxf5+ Kg8 39. Qc8+ Kf7 40. Qc7+ Kf6 41. Qxa7 Qd6+ 42. g3 Qxb4 43. Qc7 Qc5 44. Qd8+ Kf7 45. Qd7+ Qe7 46. Qd5+ Qe6 47. Qb7+ Kf6 48. Kg2 g6 49. Qb8 h5 50. Qf4+ Ke7 51. Qc7+ Ke8 52. Qb8+ Kd7 53. Qb7+ Ke8 54. Qb8+ Kf7 55. Qc7+ Kf6 56. Qf4+ Kg7 57. Qc7+ Kh6 58. Qf4+ g5 59. Qf8+ Kg6 60. Qb8 Kf6 61. Qd8+ Kg6 62. Qb8 g4 63. hxg4 hxg4 64. Qb7 Kf6 65. Qb8 Kg6 66. Qb7 1/2-1/2